Statistics for All Skylanders (no variants, and vehicles)

Click here to take the quiz!

General Stats

  • This quiz has been taken 21 times
    (20 since last reset)
  • The average score is 137 of 183

Answer Stats

HintAnswer% Correct
MagicNinjini
100%
MagicSpyro
100%
MagicBlastermind
91%
MagicCobra Cadabra
91%
MagicDouble Trouble
91%
UndeadEye Brawl
91%
MagicHoot Loop
91%
FireHot Head
91%
MagicMini Jini
91%
MagicPain-Yatta
91%
MagicPop Fizz
91%
MagicSpry
91%
TechTrigger Happy
91%
MagicVoodood
91%
MagicWrecking Ball
91%
LifeBarkley
82%
EarthBash
82%
TechBoomer
82%
EarthBop
82%
LifeBushwhack
82%
LifeCamo
82%
TechChopper
82%
TechCountdown
82%
UndeadCynder
82%
MagicDeja Vu
82%
EarthDino-Rang
82%
TechDrill Sergeant
82%
TechDr. Krankcase
82%
TechDrobot
82%
MagicDune Bug
82%
MagicEnigma
82%
FireEruptor
82%
UndeadEye Small
82%
FireFire Kraken
82%
FireFlameslinger
82%
FireFlare Wolf
82%
EarthFlashwing
82%
LifeFood Fight
82%
FireFryno
82%
UndeadGhost Roaster
82%
WaterGill Grunt
82%
WaterGill Runt
82%
FireHammer Slam Bowser
82%
UndeadHex
82%
UndeadHijinx
82%
FireHot Dog
82%
FireIgnitor
82%
AirLightning Rod
82%
TechMagna Charge
82%
AirPet-Vac
82%
WaterPunk Shock
82%
EarthScorp
82%
WaterSlam Bam
82%
EarthSlobbertooth
82%
FireSmolderdash
82%
AirSonic Boom
82%
FireSpitfire
82%
LightSpotlight
82%
TechSprocket
82%
MagicStar Strike
82%
LifeStealth Elf
82%
LifeStink Bomb
82%
LifeStump Smash
82%
FireSunburn
82%
LifeSuper Shot Stealth Elf
82%
EarthTerrabite
82%
EarthTerrafin
82%
WaterThumpback
82%
WaterThumpling
82%
MagicTrap Shadow
82%
LifeTree Rex
82%
TechTrigger Snappy
82%
FireWeeruptor
82%
WaterWham Shell
82%
AirWhirlwind
82%
LifeZook
82%
AirBad Juju
73%
MagicBig Bubble Pop Fizz
73%
DarkBlackout
73%
FireBlast Zone
73%
LifeBoom Bloom
73%
TechBouncer
73%
AirBreeze
73%
MagicBuckshot
73%
LifeBumble Blast
73%
TechChain Reaction
73%
WaterChill
73%
LifeChompy Mage
73%
UndeadChop Chop
73%
LifeCrash Bandicoot
73%
EarthCrusher
73%
EarthDoom Stone
73%
TechDr. Neo Cortex
73%
TechDrobit
73%
WaterEcho
73%
FireEmber
73%
UndeadFiesta
73%
UndeadFright Rider
73%
UndeadFunny Bone
73%
TechGearshift
73%
EarthGolden Queen
73%
LifeGrilla Drilla
73%
UndeadGrim Creeper
73%
AirGusto
73%
EarthHead Rush
73%
LifeHigh Five
73%
TechJawbreaker
73%
AirJet-Vac
73%
FireKa-Boom
73%
Not today SKY-LOSERSKaos
73%
WaterKing Pen
73%
LigthtKnight Light
73%
DarkKnight Mare
73%
UndeadKrypt King
73%
FireLava Lance Eruptor
73%
MagicMysticat
73%
AirPop Thorn
73%
EarthPrism Break
73%
UndeadRattle Shake
73%
EarthRocky Roll
73%
UndeadRoller Brawl
73%
EarthRubble Rouser
73%
UndeadShortcut
73%
LifeShroomboom
73%
FireSmall Fry
73%
MagicSplat
73%
TechSpy Rise
73%
AirSwarm
73%
FireTae Kwon Crow
73%
LifeThrillipede
73%
FireTorch
73%
FireTrail Blazer
73%
TechTread Head
73%
LifeTuff Luck
73%
LifeTurbo Charge Donkey Kong
73%
EarthWallop
73%
AirWarnado
73%
WaterWash Buckler
73%
LifeWhisper Elf
73%
FireWildfire
73%
TechWind Up
73%
UndeadWolfgang
73%
WaterZap
73%
LifeZoo Lou
73%
AirAir Strike
64%
LifeAmbush
64%
LightAurora
64%
EarthBarbella
64%
UndeadBat Spin
64%
AirBlades
64%
UndeadBone Bash Roller Brawl
64%
AirBoom Jet
64%
UndeadChopscotch
64%
WaterDeep Dive Gill Grunt
64%
WaterDive-Clops
64%
TechDouble Dare Trigger Happy
64%
EarthFist Bump
64%
AirFling Kong
64%
WaterFlip Wreck
64%
AirFree Ranger
64%
WaterFreeze Blade
64%
TechHigh Volt
64%
DarkHood Sickle
64%
WaterLob-star
64%
UndeadNight Shift
64%
WaterRip Tide
64%
TechRo-Bow
64%
AirScratch
64%
WaterSnap Shot
64%
AirThunderbolt
64%
AirWildstorm
64%
LightAstroblast
55%
LightBlaster-Tron
55%
WaterGrave Clobber
55%
AirHurricane Jet-Vac
55%
DarkNightfall
55%
UndeadPit Boss
55%
EarthShark Shooter Terrafin
55%
EarthSmash Hit
55%
DarkStarcast
55%
AirStormblade
55%
WaterTidepool
55%
EarthTri-Tip
55%

Score Distribution

Percentile by Number Answered

Percent of People with Each Score

Your Score History

You have not taken this quiz since the last reset